Southville International School and Colleges
Your cart is empty.
  • Cart
  • Lists
    Public lists Eva Luna New books Lux_list list_1
    Your lists Log in to create your own lists
  • Log in to your account
  • Your cookies
  • Search history
Southville International School and Colleges
  • Advanced search
  • Recent comments
  • Most popular
  • Libraries

Log in to your account

Log in with GOOGLE


If you do not have an external account, but do have a local account, you can still log in:

  1. Home
  2. MARC view: China under communism
Normal view MARC view ISBD view

China under communism (Record no. 9556)

[ view plain ]
MARC details
000 -LEADER
fixed length control field 00443nam a22001697a 4500
003 - CONTROL NUMBER IDENTIFIER
control field OSt
005 - DATE AND TIME OF LATEST TRANSACTION
control field 20140310182122.0
008 - FIXED-LENGTH DATA ELEMENTS--GENERAL INFORMATION
fixed length control field 130827t xxu||||| |||| 00| 0 eng d
020 ## - INTERNATIONAL STANDARD BOOK NUMBER
International Standard Book Number 0415186927
050 ## - LIBRARY OF CONGRESS CALL NUMBER
Classification number DS 777.55
Item number L384 1984
082 ## - DEWEY DECIMAL CLASSIFICATION NUMBER
Classification number HS 951.05
Item number L43 1998
100 ## - MAIN ENTRY--PERSONAL NAME
Personal name Lawrance, Alan
9 (RLIN) 14089
245 ## - TITLE STATEMENT
Title China under communism
Statement of responsibility, etc / Alan Lawrance.
260 ## - PUBLICATION, DISTRIBUTION, ETC. (IMPRINT)
Place of publication, distribution, etc London :
Name of publisher, distributor, etc Routledge,
Date of publication, distribution, etc c1998.
942 ## - ADDED ENTRY ELEMENTS (KOHA)
Source of classification or shelving scheme Library of Congress Classification
Koha item type
Holdings
Withdrawn status Lost status Source of classification or shelving scheme Damaged status Home library Current library Shelving location Date acquired Total Checkouts Full call number Barcode Date last seen Copy number Price effective from Koha item type
    Library of Congress Classification   Luxembourg Library Luxembourg Library High School Section 08/27/2013   DS 777.55 L384 1998 13944 01/06/2016 1 10/03/2013 Books

China under communism

APA

Lawrance A., . (1998). China under communism. London: Routledge.

Chicago

Lawrance Alan, . 1998. China under communism. London: Routledge.

Harvard

Lawrance A., . (1998). China under communism. London: Routledge.

MLA

Lawrance Alan, . China under communism. London: Routledge. 1998.

  • Place hold
  • Print
  • Cite
  • Add to your cart (remove)
  • Save record
    BIBTEX Dublin Core MARCXML MARC (non-Unicode/MARC-8) MARC (Unicode/UTF-8) MARC (Unicode/UTF-8, Standard) MODS (XML) RIS
  • More searches
    Search for this title in:
    Other Libraries (WorldCat) Other Databases (Google Scholar) Online Stores (Bookfinder.com) Open Library (openlibrary.org)

Exporting to Dublin Core...

SOUTHVILLE LIBRARY

Southville International School and Colleges Library

1281 Tropical Ave. Cor. Luxembourg St., BF Homes International, Las Pinas City

Tel. No. 8256374 / 252358 Loc. 117/146

Powered by Koha